000 01603cam a2200301 4500
001 ##L132058
005 20260602120535.0
008 051222n2005 000 0 eng u
020 _a0860176398
035 _a(Sirsi) u132058
041 0 _aeng
050 _a658.562
100 1 _aWeatherhead, Marion
245 0 0 _aIntegrating value and risk in construction
260 _aLondon
_bCIRIA
_c2005
300 _a74p.
_bill
_c30cm.
_e+ 1 CD-ROM
490 0 _aCIRIA
_v639
500 _aReport C639
520 _aToolkit aimed at helping clients and construction professionals integrate exisiting value management, value engineering and risk management methodologies from the initial concept of a proposed project to the successful delivery of the facility. Provides a structured approach to the identification and agreement of the client's project objectives after taking into account all opportunities and uncertainty. Gives integration toolboxes for each stage of project development, supported by guidance on workshops, guided discussion and developing a communications plan.
520 _aIncludes a CD-ROM covering copies of relevant working documents as proformas, a PowerPoint presentation and a literature review of the current field of value and risk management for construction.
590 _aIKA140206
690 _aConstruction management
_96230
700 1 _aOwen, Keith
700 1 _aHall, Clare
710 2 _aConstruction Industry Research and Information Association
_94810
710 2 _aConstruction Industry Research and Information Association
_94810
942 _n0
_2ddc
999 _c104998
_d104998